|
|
|
|
| LEADER |
00000nab a2200000 a 4500 |
| 001 |
vtls000615064 |
| 003 |
SK-MaSNL |
| 005 |
20260319074615.0 |
| 008 |
141024c1996 xo 0 hun |
| 015 |
|
|
|a SNBRB19rr/mm-uuuuu
|
| 035 |
|
|
|a CL0615203
|
| 040 |
|
|
|a SNKBUCL
|b slo
|c SNKBUCL
|e AACR2
|
| 041 |
0 |
|
|a hun
|
| 044 |
|
|
|a xo
|c SK
|
| 080 |
|
|
|a 75.071.1
|2 1981
|
| 100 |
1 |
|
|a Mile, Z.
|4 aut
|9 994847
|
| 245 |
1 |
0 |
|a Barta Gyula: Kihaló fák a gömöri dombok alatt
|c Z. Mile
|
| 300 |
|
|
|b Obr. 1
|
| 600 |
1 |
7 |
|a Barta, Gyula
|d 1922-
|x tvorba - informácie
|2 snkbucl
|9 994848
|
| 650 |
0 |
7 |
|a Barta, Gyula
|2 snkbucl
|9 994849
|
| 655 |
|
7 |
|a články z novín a časopisov
|2 snkbucl
|9 267496
|
| 773 |
0 |
|
|t Katedra
|g Roč. 4, č. 5 (1996), s. 2
|
| 850 |
|
|
|a Slovenská národná knižnica v Martine
|a DSG001
|
| 852 |
|
|
|a SNK
|b KIS3GCP
|
| 958 |
|
|
|a HU
|
| 958 |
|
|
|a BX
|
| 958 |
|
|
|a SK
|
| 958 |
|
|
|a RK
|
| 999 |
|
|
|c 1604413
|d 1606343
|